<?xml version="1.0" encoding="UTF-8"?>
<record
    xmlns:xsi="http://www.w3.org/2001/XMLSchema-instance"
    xsi:schemaLocation="http://www.loc.gov/MARC21/slim http://www.loc.gov/standards/marcxml/schema/MARC21slim.xsd"
    xmlns="http://www.loc.gov/MARC21/slim">

  <leader>01110nam a22001937a 4500</leader>
  <controlfield tag="005">20250810163811.0</controlfield>
  <controlfield tag="008">250810b        |||||||| |||| 00| 0 eng d</controlfield>
  <datafield tag="020" ind1=" " ind2=" ">
    <subfield code="a">9781580930451</subfield>
    <subfield code="q">pbk</subfield>
  </datafield>
  <datafield tag="041" ind1=" " ind2=" ">
    <subfield code="a">eng</subfield>
  </datafield>
  <datafield tag="082" ind1=" " ind2=" ">
    <subfield code="a">720.92</subfield>
    <subfield code="b">GLU</subfield>
  </datafield>
  <datafield tag="100" ind1=" " ind2=" ">
    <subfield code="a">Gluckman, Richard </subfield>
  </datafield>
  <datafield tag="245" ind1=" " ind2=" ">
    <subfield code="a">Space Framed : Richard Gluckman Architect</subfield>
    <subfield code="c">/ Richard Gluckman and Hal Foster</subfield>
  </datafield>
  <datafield tag="260" ind1=" " ind2=" ">
    <subfield code="a">New York</subfield>
    <subfield code="b">Monacelli Press</subfield>
    <subfield code="c">2000</subfield>
  </datafield>
  <datafield tag="300" ind1=" " ind2=" ">
    <subfield code="a">240 p.</subfield>
    <subfield code="b">: ill. (chiefly color) </subfield>
    <subfield code="c">; 28 cm</subfield>
  </datafield>
  <datafield tag="520" ind1=" " ind2=" ">
    <subfield code="a">Presents 38 buildings and projects with large-scale and duotone photographs and detailed presentation drawings. Featured projects include various buildings for the Dia Center For the Arts in New York, the Andy Warhol Museum in Pittsburgh, the renovation and addition to the Whitney Museum of American Art in New York, the Fort Worth Modern Art Museum competition, the Deutsche Guggenheim Berlin, and the Museo Picasso in Malaga, Spain. In addition to generous illustrations and an introduction by the architect, the book features an essay by critic Hal Foster.</subfield>
  </datafield>
  <datafield tag="650" ind1=" " ind2=" ">
    <subfield code="a">Architecture</subfield>
  </datafield>
  <datafield tag="700" ind1=" " ind2=" ">
    <subfield code="a">Foster, Hal </subfield>
  </datafield>
  <datafield tag="942" ind1=" " ind2=" ">
    <subfield code="c">REF</subfield>
  </datafield>
  <datafield tag="999" ind1=" " ind2=" ">
    <subfield code="c">579839</subfield>
    <subfield code="d">579839</subfield>
  </datafield>
  <datafield tag="952" ind1=" " ind2=" ">
    <subfield code="0">0</subfield>
    <subfield code="1">0</subfield>
    <subfield code="4">0</subfield>
    <subfield code="7">0</subfield>
    <subfield code="a">ACL</subfield>
    <subfield code="b">ACL</subfield>
    <subfield code="c">6B</subfield>
    <subfield code="d">2010-12-10</subfield>
    <subfield code="l">0</subfield>
    <subfield code="o">720.92 GLU</subfield>
    <subfield code="p">420973</subfield>
    <subfield code="r">2025-08-10 16:39:26</subfield>
    <subfield code="w">2025-08-10</subfield>
    <subfield code="y">REF</subfield>
  </datafield>
</record>
